[Event "Vimercate op 5th"]
[Site "Vimercate"]
[Date "2011.11.27"]
[Round "4"]
[White "Coppola, Federico"]
[Black "Marzo, Matteo"]
[Result "1-0"]
[WhiteElo "1858"]
[BlackElo "1603"]
[PlyCount "95"]
[EventDate "2011.11.25"]
[EventType "swiss"]
[EventRounds "5"]
[EventCountry "ITA"]
[SourceTitle "EXT 2014"]
[Source "ChessBase"]
[SourceDate "2013.11.20"]
[SourceVersion "1"]
[SourceVersionDate "2013.11.20"]
[SourceQuality "1"]

1. e4 e5 2. Nf3 Nc6 3. Bb5 a6 4. Bxc6 dxc6 5. 0-0 Bg4 6. h3 h5 7. d3 Bd6 8. Nbd2 Bxf3 9. Nxf3 f6 10. d4 exd4 11. Qxd4 Be7 12. Be3 Qxd4 13. Bxd4 0-0-0 14. Rad1 b6 15. Nh4 Nh6 16. Ng6 Rhe8 17. Be3 Nf7 18. Nxe7+ Rxe7 19. Rxd8+ Kxd8 20. f3 Nd6 21. Rd1 Rd7 22. Kh2 c5 23. Rd2 Nc4 24. Rxd7+ Kxd7 25. Bc1 Ke6 26. Kg3 g6 27. h4 Nd6 28. Kf4 Nf7 29. Ke3 c6 30. g4 Nd6 31. gxh5 gxh5 32. b3 Nf7 33. Bb2 Ke7 34. f4 Ke6 35. f5+ Ke7 36. Kf4 a5 37. a4 b5 38. c4 bxc4 39. bxc4 Nd6 40. Bxf6+ Kxf6 41. e5+ Ke7 42. exd6+ Kxd6 43. Kg5 Ke5 44. f6 Kd4 45. f7 Kxc4 46. f8Q Kb4 47. Kxh5 Kxa4 48. Qxc5 1-0

[Event "Vimercate op 5th"]
[Site "Vimercate"]
[Date "2011.11.26"]
[Round "2"]
[White "Gemelli, Giovanni"]
[Black "Marzo, Matteo"]
[Result "1-0"]
[WhiteElo "1759"]
[BlackElo "1603"]
[PlyCount "81"]
[EventDate "2011.11.25"]
[EventType "swiss"]
[EventRounds "5"]
[EventCountry "ITA"]
[SourceTitle "EXT 2014"]
[Source "ChessBase"]
[SourceDate "2013.11.20"]
[SourceVersion "1"]
[SourceVersionDate "2013.11.20"]
[SourceQuality "1"]

1. e4 e5 2. Nf3 Nc6 3. d4 exd4 4. Nxd4 Nf6 5. Nxc6 bxc6 6. e5 Qe7 7. Qe2 Nd5 8. c4 Ba6 9. g3 Nb6 10. b3 g6 11. Bg2 Bg7 12. Bb2 0-0 13. 0-0 Qe6 14. Re1 Rfe8 15. Na3 Rac8 16. Qd2 Bb7 17. Nc2 d5 18. Nd4 Qe7 19. f4 c5 20. Ba3 Ba8 21. Qa5 c6 22. Bxc5 Qc7 23. Rac1 dxc4 24. bxc4 Bf8 25. Bxf8 Kxf8 26. Nf3 c5 27. Ng5 Bxg2 28. Kxg2 Kg8 29. Ne4 Re6 30. Nf6+ Kg7 31. Qc3 Qc6+ 32. Kf2 Rd8 33. Red1 Rb8 34. Nd5 Rd8 35. Nf6 Rb8 36. g4 Na4 37. Qh3 Rb2+ 38. Kg1 h6 39. Nd5 Rxa2 40. Re1 Re7 41. Nxe7 1-0